00456cam a22001097a 4500008004000000082001700040245014400057260005000201300000900251650003400260700005200294180718b1996 xxu||||| |||| 00| 0 eng d aC42x711 En39 aEnhancing accountability for performance: a framework and implementation plan (second joint report)cby Auditor General of British Columbia aVictoriabOffice of the Auditor Generalc1996 a88p. aAdministrative responsibility aBritish Columbia. Office of the Auditor General